ՀՀ Գիտությունների ազգային ակադեմիայի հիմնարար գիտական գրադարան  =   Fundamental Scientific Library of NAS RA

Гете : (Record no. 533187)

MARC details
000 -LEADER
fixed length control field 00954nam a2200241 a 4500
001 - CONTROL NUMBER
control field 2008095
003 - CONTROL NUMBER IDENTIFIER
control field AM-YEHGA
005 - DATE AND TIME OF LATEST TRANSACTION
control field 20250617165017.0
008 - FIXED-LENGTH DATA ELEMENTS--GENERAL INFORMATION
fixed length control field 250213m1898 ru |||||||||||||||0|rus|d
040 ## - CATALOGING SOURCE
Original cataloging agency AM-YeHGA
041 1# - LANGUAGE CODE
Language code of text/sound track or separate title rus
Language code of original ger
090 ## - LOCALLY ASSIGNED LC-TYPE CALL NUMBER (OCLC); LOCAL CALL NUMBER (RLIN)
-- 572172
100 1# - MAIN ENTRY--PERSONAL NAME
Personal name Бельшовский, Альберт,
Dates associated with a name 1847-1902
245 10 - TITLE STATEMENT
Title Гете :
Remainder of title Его жизнь и произведения /
Statement of responsibility, etc. А. Бельшовский ; Пер. О.А. Рохмановой под ред. Петра Вейнберга.
260 ## - PUBLICATION, DISTRIBUTION, ETC.
Place of publication, distribution, etc. Санкт-Петербург :
Name of publisher, distributor, etc. Л.Ф. Пантелеев,
Date of publication, distribution, etc. 1898-1908.
300 ## - PHYSICAL DESCRIPTION
Extent 2 т.
505 00 - FORMATTED CONTENTS NOTE
Miscellaneous information Т. 1 (1898, 439 с.)
-- Т. 2 (1908, 639 с.)
650 14 - SUBJECT ADDED ENTRY--TOPICAL TERM
Topical term or geographic name entry element Литературоведеие
700 1# - ADDED ENTRY--PERSONAL NAME
Personal name Вейнберг, Петр Исаевич,
Dates associated with a name 1831-1908
Relator term ред.
700 1# - ADDED ENTRY--PERSONAL NAME
Personal name Рохманова, О.А.
Relator term пер.
700 1# - ADDED ENTRY--PERSONAL NAME
Personal name Гёте, Иоганн Вольфганг,
Dates associated with a name 1749-1832
942 ## - ADDED ENTRY ELEMENTS (KOHA)
Source of classification or shelving scheme Universal Decimal Classification
Koha item type Գրքեր / Books
Holdings
Withdrawn status Lost status Source of classification or shelving scheme Damaged status Not for loan Collection Home library Current library Date acquired Serial enumeration / chronology Total checkouts Full call number Barcode Date last seen Price effective from Koha item type Public note
    Universal Decimal Classification     Kusikian Individual Collection Fundamental Scientific Library Fundamental Scientific Library 13/02/2025 Т. 1   Кус/1198 FL0689866 13/02/2025 13/02/2025 Գրքեր / Books ILL Non-Circ.
    Universal Decimal Classification     Kusikian Individual Collection Fundamental Scientific Library Fundamental Scientific Library 13/02/2025 Т. 2   Кус/1199 FL0689865 13/02/2025 13/02/2025 Գրքեր / Books ILL Non-Circ.


ՀՀ ԳԱԱ հիմնարար գիտական գրադարան
ՀՀ,Երևան 0019
Մարշալ Բաղրամյան 24/6
հեռախոս:(374-10) 52-47-50
Հետադարձ կապ

All site content, except where otherwise noted, is licensed under a
Creative Commons License